National Courts and Preliminary References to the Court of Justice (Record no. 37778)

MARC details
000 -LEADER
fixed length control field 00489nam a2200133Ia 4500
008 - FIXED-LENGTH DATA ELEMENTS--GENERAL INFORMATION
fixed length control field 220621s9999||||xx |||||||||||||| ||und||
020 ## - INTERNATIONAL STANDARD BOOK NUMBER
International Standard Book Number 9781800000000
100 ## - MAIN ENTRY--PERSONAL NAME
Personal name Krommendijk, Jasper
245 #0 - TITLE STATEMENT
Title National Courts and Preliminary References to the Court of Justice
546 ## - LANGUAGE NOTE
Language note English[eng]
650 ## - SUBJECT ADDED ENTRY--TOPICAL TERM
Topical term or geographic name entry element preliminary ruling procedure||judicial dialogue||judicial decision making||European Court of Justice
856 ## - ELECTRONIC LOCATION AND ACCESS
Uniform Resource Identifier <a href="https://www.elgaronline.com/view/9781800374164.xml">https://www.elgaronline.com/view/9781800374164.xml</a>
942 ## - ADDED ENTRY ELEMENTS (KOHA)
Koha item type E-Books
Holdings
Withdrawn status Lost status Damaged status Not for loan Home library Current library Date acquired Total Checkouts Date last seen Price effective from Koha item type
        Kerala University of Digital Sciences, Innovation and Technology Knowledge Centre Kerala University of Digital Sciences, Innovation and Technology Knowledge Centre 21/06/2022   21/06/2022 21/06/2022 E-Books